[Event "Cto Aragon Equipos Pref Grupo II"]
[Site ""]
[Date "2018.03.24"]
[Round "9.69"]
[White "Planas Torrea, Francisco Javier"]
[Black "Climente Martinez, Jose Luis"]
[Result "1-0"]
[WhiteElo "2029"]
[BlackElo "2068"]
[PlyCount "0"]
[WhiteTeam "Ejea"]
[BlackTeam "Sabiñanigo"]
[EventDate "2018.01.27"]

1. e4 e6 2. d4 d5 3. Nc3 Nf6 4. Bg5 Be7 5. Bxf6 Bxf6 6. Nf3 O-O 7. Bd3 c5 8.
exd5 cxd4 9. Nb5 exd5 10. Nbxd4 Re8+ 11. Be2 Nc6 12. c3 Qe7 13. Nc2 Bg4 14. Ne3
Bxf3 15. Bxf3 d4 16. Bxc6 dxe3 17. Bxe8 exf2+ 18. Kxf2 Qc5+ 19. Kf1 Rxe8 20.
Qa4 Qf5+ 21. Kg1 Re2 22. Qxa7 Be7 23. b4 Qe4 24. Qb8+ Bf8 25. Qg3 Bd6 26. Qf3
Qc2 27. Rf1 Bf4 28. h4 Be3+ 29. Kh2 Qxa2 30. Ra1 Rxg2+ 31. Kh3 1-0

[Event "Cto Aragon Equipos Pref Grupo II"]
[Site ""]
[Date "2018.03.24"]
[Round "9.70"]
[White "Ainsa Claver, Ignacio"]
[Black "Planas Torrea, Alberto"]
[Result "1/2-1/2"]
[WhiteElo "1927"]
[BlackElo "1941"]
[PlyCount "0"]
[WhiteTeam "Sabiñanigo"]
[BlackTeam "Ejea"]
[EventDate "2018.01.27"]

1. c4 c6 2. Nc3 e6 3. Nf3 d5 4. e3 Bd6 5. b3 f5 6. Bb2 Nf6 7. d4 Nbd7 8. Bd3
Ne4 9. O-O O-O 10. Ne2 Qf6 11. Nd2 Qh6 12. g3 Ndf6 13. Kg2 Nxf2 14. Rxf2 Ng4
15. Nf1 Nxf2 16. Kxf2 Bd7 17. Kg2 g5 18. Ng1 Rf7 19. Be2 Raf8 20. Bc1 f4 21.
Qe1 fxg3 22. hxg3 Qg6 23. Nh2 Qe4+ 24. Bf3 Rxf3 25. Ngxf3 g4 26. Qe2 gxf3+ 27.
Nxf3 e5 28. Bb2 exd4 29. Bxd4 Qg4 30. Qf2 Qh3+ 31. Kg1 Bxg3 32. Qg2 Qg4 1/2-1/2

[Event "Cto Aragon Equipos Pref Grupo II"]
[Site ""]
[Date "2018.03.24"]
[Round "9.71"]
[White "Marcellan Peire, Jesus Eduardo"]
[Black "Garcia Estruch, Jorge"]
[Result "1-0"]
[WhiteElo "1934"]
[BlackElo "1785"]
[PlyCount "0"]
[WhiteTeam "Ejea"]
[BlackTeam "Sabiñanigo"]
[EventDate "2018.01.27"]

1. d4 Nf6 2. c4 c5 3. Nf3 e6 4. Bg5 Be7 5. Nc3 cxd4 6. Nxd4 O-O 7. a3 d6 8. e3
Nc6 9. Qc2 Qa5 10. Bh4 d5 11. Rd1 e5 12. Nb3 Qc7 13. Bxf6 Bxf6 14. Nxd5 Qd8 15.
Nxf6+ (15. Bd3 g6 16. Nxf6+ Qxf6 17. Be4 Bg4 18. f3 Be6 19. O-O Rad8 20. Nc5
Qg5 21. Qe2 Ne7 22. Nxb7 Rb8 23. Nd6 Rfd8 24. b4 f5 25. Bb1 a5 26. c5 axb4 27.
axb4 Qf6 28. Ba2 Kg7 29. b5 Ra8 30. Bxe6 Qxe6 31. Ra1 Qb3 32. Qc4 Qxe3+ 33. Kh1
Rxa1 34. Rxa1 Ra8 35. Rf1 Qg5 36. Qf7+ Kh6 37. Ne8 Rxe8 38. Qxe8 Nd5 39. Qf8+
Kh5 40. Qg8 Nf6 41. Qf7 h6 42. c6 e4 43. f4 Qh4 44. Qb3 Ng4 45. Qh3 e3 46.
Qxh4+ Kxh4 47. g3+ Kh3 48. c7 Nf2+ 49. Kg1) 15... Qxf6 1-0

[Event "Cto Aragon Equipos Pref Grupo II"]
[Site ""]
[Date "2018.03.24"]
[Round "9.72"]
[White "Martinez Carnicer, Eduardo"]
[Black "Merin Flores, Miguel Angel"]
[Result "1-0"]
[WhiteElo "1738"]
[BlackElo "1737"]
[PlyCount "0"]
[WhiteTeam "Sabiñanigo"]
[BlackTeam "Ejea"]
[EventDate "2018.01.27"]

1. e4 d6 2. d4 Nd7 3. Nf3 e5 4. Bc4 Be7 5. dxe5 Nxe5 6. Nxe5 dxe5 7. Qf3 Nf6 8.
O-O O-O 9. Rd1 Qe8 10. h3 Qa4 11. b3 Qc6 12. Nc3 Be6 13. Nd5 Bd8 14. Bg5 Bxd5
15. exd5 Qc5 16. Qf5 Re8 17. Re1 g6 18. Qf3 e4 19. Bxf6 b5 20. Bf1 Qxd5 21. Qc3
a5 22. Rad1 Bxf6 23. Qxf6 Qb7 24. Rd7 Rf8 25. a4 Ra6 26. Qd4 Re6 27. Bxb5 h5
28. Bc4 Ree8 29. Bd5 Qc8 30. Bc6 Re6 31. Bxe4 Rfe8 32. Re3 Qb8 33. Bd5 Rxe3 34.
Bxf7+ Kh7 35. Bxe8+ Kh6 36. Qf4+ 1-0

[Event "División Honor 2018 "]
[Site ""]
[Date "2018.04.07"]
[Round "10.1.1"]
[White "Adla, Diego"]
[Black "Forcen Esteban, Daniel"]
[Result "0-1"]
[WhiteElo "2407"]
[BlackElo "2541"]
[PlyCount "0"]
[WhiteTeam "St. Casablanca A"]
[BlackTeam "Jaime Casas"]
[EventDate "2018.01.27"]

1. c4 e5 2. Nc3 d6 3. Nf3 f5 4. d3 Nf6 5. g3 Be7 6. Bg2 O-O 7. O-O Qe8 8. e3 h6
9. Ne1 a5 10. f4 c6 11. Nf3 Bd8 12. Kh1 Na6 13. b3 Ng4 14. Qd2 Bb6 15. Nd1 Nc5
16. h3 Nf6 17. Nf2 e4 18. Ne1 exd3 19. Nexd3 Nce4 20. Nxe4 Nxe4 21. Qe1 a4 22.
Bb2 a3 23. Bd4 c5 24. Bc3 Bd7 25. Kh2 Bc6 26. Nf2 Nxg3 27. Rg1 Nh5 28. Rd1 Bc7
29. Rd3 Rf7 30. Qd1 Nf6 31. Bf3 Kh7 32. Rg3 Qe6 33. Bxf6 Rxf6 34. Bd5 Bxd5 35.
Rxd5 Rg6 36. Qd3 Rf8 37. Rxg6 Qxg6 38. Nh1 Qe6 39. Ng3 g6 40. Kg2 Qf6 41. Qe2
Re8 42. Nf1 Ba5 43. Nh2 Re6 44. Nf3 Qe7 45. Kf2 Bc3 46. Qd3 Bb2 47. Qd2 Bf6 48.
Qd3 Kg7 49. b4 cxb4 50. c5 Bh4+ 51. Ke2 dxc5 52. Rd7 Rxe3+ 53. Qxe3 Qxd7 54.
Nxh4 c4 55. Nf3 Qd3+ 56. Qxd3 cxd3+ 57. Kxd3 b3 58. Nd2 bxa2 59. Nb3 g5 60. Ke3
Kf6 0-1

[Event "División Honor 2018 "]
[Site ""]
[Date "2018.04.07"]
[Round "10.1.2"]
[White "Antoli Royo, Joaquin Miguel"]
[Black "Glavina, Pablo"]
[Result "1/2-1/2"]
[WhiteElo "2451"]
[BlackElo "2394"]
[PlyCount "0"]
[WhiteTeam "Jaime Casas"]
[BlackTeam "St. Casablanca A"]
[EventDate "2018.01.27"]

1. e4 c5 2. Nf3 Nc6 3. c3 d5 4. exd5 Qxd5 5. d4 Nf6 6. Be2 e6 7. O-O cxd4 8.
cxd4 Be7 9. Nc3 Qd6 10. Bg5 O-O 11. Qd2 b6 12. Rfd1 Bb7 13. Rac1 Rac8 14. Nb5
Qd8 15. Bxf6 Bxf6 16. Qf4 Ne7 17. Nxa7 Ra8 18. Nb5 Rxa2 19. Qd2 Qb8 20. Na3 Bd5
21. Bc4 Bxc4 22. Nxc4 Ra7 23. Nce5 Rc8 24. Rxc8+ Qxc8 25. Rc1 Rc7 26. Rxc7 Qxc7
27. Qc3 Qb7 28. h3 g6 29. Qc2 Nf5 30. Qc4 b5 31. Qc6 Qxc6 32. Nxc6 Kf8 33. Kf1
Ke8 1/2-1/2

[Event "División Honor 2018 "]
[Site ""]
[Date "2018.04.07"]
[Round "10.1.3"]
[White "Quintin Navarro, Alberto"]
[Black "Ramiro Ovejero, Juan Luis"]
[Result "1-0"]
[WhiteElo "2380"]
[BlackElo "2384"]
[PlyCount "0"]
[WhiteTeam "St. Casablanca A"]
[BlackTeam "Jaime Casas"]
[EventDate "2018.01.27"]


1. d4 Nf6 2. c4 d6 3. Nf3 g6 4. Nc3 Bf5 5. d5 e5 6. Ng5 Bg7 7. e4 Bd7 8. Be2 a5
9. Be3 Na6 10. Nf3 O-O 11. Nd2 c6 12. O-O Rc8 13. Rc1 cxd5 14. cxd5 Nc5 15. a3
a4 16. Qc2 Ne8 17. Bb5 Bxb5 18. Nxb5 Qa5 19. Qc4 Qa6 20. Nc3 Qxc4 21. Nxc4 b5
22. Na5 Nd3 23. Rb1 b4 24. axb4 Nxb4 25. Ra1 Nc2 26. Rxa4 Nxe3 27. fxe3 Nf6 28.
Nc6 Ra8 29. Rfa1 Rxa4 30. Rxa4 Bh6 31. Nd1 Ng4 32. Ra3 f5 33. exf5 gxf5 34. h3
Nf6 35. Ne7+ Kf7 36. Nxf5 Kg6 37. Nxh6 Kxh6 38. Ra6 Rd8 39. Nc3 Kg5 40. b4 e4
41. Rc6 Kf5 42. Rc7 h5 43. b5 Rb8 44. Rf7 Ke5 45. Rg7 Kf5 46. h4 Ng4 47. Rg5+
Kf6 48. Rxh5 Ra8 49. Nxe4+ Kf7 50. Nxd6+ Ke7 51. Nf5+ Kf6 52. Kf1 Ra2 53. Rg5
Ne5 54. Nd4 Nc4 55. Rg3 Ke5 56. h5 Ke4 57. Rg4+ Kd3 58. Nf5 Nd2+ 59. Kg1 Ne4
60. h6 Nf2 61. Rd4+ 1-0

[Event "División Honor 2018 "]
[Site ""]
[Date "2018.04.07"]
[Round "10.1.4"]
[White "Gines Esteo, Pedro Antonio"]
[Black "Chueca Lorente, Javier"]
[Result "1-0"]
[WhiteElo "2386"]
[BlackElo "2134"]
[PlyCount "0"]
[WhiteTeam "Jaime Casas"]
[BlackTeam "St. Casablanca A"]
[EventDate "2018.01.27"]

1. d4 d5 2. Nf3 c6 3. e3 Bg4 4. c4 e6 5. Nc3 Nf6 6. Qb3 Qc7 7. Ne5 Bf5 8. f3
Nbd7 9. g4 Bg6 10. Nxg6 hxg6 11. Bd2 Bd6 12. O-O-O dxc4 13. Bxc4 b5 14. Bd3 b4
15. Na4 c5 16. dxc5 Nxc5 17. Nxc5 Qxc5+ 18. Kb1 O-O 19. Rc1 Qb6 20. g5 Nd7 21.
Be4 Nc5 22. Rxc5 Bxc5 23. h4 Rad8 24. Bc1 f5 25. gxf6 Rxf6 26. Rg1 Kf7 27. Qc2
Kf8 28. Qb3 Kf7 29. Qc2 Kf8 30. Qe2 Kf7 31. h5 gxh5 32. Qg2 Bf8 33. b3 e5 34.
Qg5 Qc5 35. Bb2 Rd2 36. Bxe5 Qa5 37. Bxf6 Qxa2+ 38. Kc1 gxf6 39. Qxh5+ Ke7 40.
Qc5+ Ke8 41. Qc8+ Ke7 42. Qc7+ Ke8 43. Bg6# 1-0

[Event "División Honor 2018 "]
[Site ""]
[Date "2018.04.07"]
[Round "10.2.1"]
[White "Romero Pallares, Daniel"]
[Black "Garza Marco, Sergio"]
[Result "1/2-1/2"]
[WhiteElo "2203"]
[BlackElo "2418"]
[PlyCount "0"]
[WhiteTeam "Palacio de Pioneros"]
[BlackTeam "Helios"]
[EventDate "2018.01.27"]


1. d4 e6 2. e4 d5 3. Bd3 dxe4 4. Bxe4 Nf6 5. Bf3 c5 6. Ne2 Nc6 7. Be3 cxd4 8.
Nxd4 Ne5 9. Nc3 Be7 10. Ndb5 Bd7 11. Nd6+ Bxd6 12. Qxd6 Nc4 13. Qf4 Nxe3 14.
Qxe3 Qa5 15. O-O-O Bc6 16. h4 O-O 17. g4 Qb6 18. Qe2 Qb4 19. Kb1 Bxf3 20. Qxf3
Qxg4 21. Qe3 Rfd8 22. Rdg1 Qd4 23. Qg5 Ne8 24. h5 Qf6 25. Qe3 Nd6 26. Rg2 Kh8
27. Rhg1 Nf5 28. Qh3 Rd4 29. Rg4 Rad8 30. Rxd4 Rxd4 31. Qg2 Rd7 32. Qh2 Qd8 33.
Qe5 h6 34. a3 Kh7 35. Ka2 Qh4 36. Ne4 Rd5 37. Rxg7+ Nxg7 38. Nf6+ Kh8 39. Qb8+
Ne8 40. Qxe8+ Kg7 41. Nxd5 Qc4+ 42. Kb1 Qxd5 43. Qb8 e5 44. Qxa7 Qd1+ 45. Ka2
Qxc2 46. Qe3 Qf5 47. Qg3+ Kf6 48. Qh4+ Kg7 49. Qg3+ Qg5 50. Qf3 Qh4 51. Qf5 Qg5
52. Qf3 b6 53. Qh3 e4 54. Qc3+ Kh7 55. Qd4 Qf5 56. Qxb6 Qxh5 57. a4 Qd5+ 58.
Ka3 h5 59. Qf6 Qe6 60. Qf4 Qe7+ 61. b4 h4 62. Qf5+ Kg7 63. Qg4+ Kh7 64. Qf5+
Kg7 65. Qg4+ Kh7 1/2-1/2

[Event "División Honor 2018 "]
[Site ""]
[Date "2018.04.07"]
[Round "10.2.2"]
[White "Guzman Moneo, Alberto"]
[Black "Palacios Herrero, Pablo"]
[Result "0-1"]
[WhiteElo "2239"]
[BlackElo "2165"]
[PlyCount "0"]
[WhiteTeam "Helios"]
[BlackTeam "Palacio de Pioneros"]
[EventDate "2018.01.27"]

1. e4 e6 2. d4 d5 3. Bd3 dxe4 4. Bxe4 Nf6 5. Bf3 c5 6. Ne2 cxd4 7. Qxd4 Nbd7 8.
Nbc3 Bc5 9. Qh4 O-O 10. Qg3 Qb6 11. O-O Bd6 12. Qh4 Ne5 13. Be4 Nxe4 14. Nxe4
Ng6 15. Qh5 Be7 16. Rd1 f6 17. N2c3 a6 18. a4 Qc6 19. a5 b5 20. axb6 Bb7 21. f3
Qxb6+ 22. Kh1 Rfd8 23. Re1 Rd7 24. Be3 Qc6 25. Na4 Rd5 26. Qh3 Rad8 27. Nac3
R5d7 28. Qh5 Ne5 29. Qh3 Nc4 30. Bc1 Bc8 31. Nf2 e5 32. Qg3 Nd6 33. Nfe4 Nxe4
34. Nxe4 Kh8 35. c3 Qb5 36. Qf2 Bb7 37. Ng3 Bc5 38. Be3 Bxe3 39. Qxe3 Qxb2 40.
Nf1 Rd3 41. Qa7 Rxf3 42. Qg1 Rf2 43. Ne3 Rdd2 44. Rab1 Rxg2 45. Nxg2 Rxg2 46.
Re4 Rxg1+ 0-1

[Event "División Honor 2018 "]
[Site ""]
[Date "2018.04.07"]
[Round "10.2.3"]
[White "Dan, Teodor"]
[Black "Cerrajeria Ruiz, Jesus Maria"]
[Result "1-0"]
[WhiteElo "2164"]
[BlackElo "2142"]
[PlyCount "0"]
[WhiteTeam "Palacio de Pioneros"]
[BlackTeam "Helios"]
[EventDate "2018.01.27"]

1. d4 Nf6 2. c4 c5 3. d5 b5 4. cxb5 a6 5. bxa6 Bxa6 6. Nc3 d6 7. Nf3 g6 8. g3
Bg7 9. Bg2 O-O 10. O-O Qa5 11. Bd2 Nbd7 12. Rb1 Rfb8 13. Qc2 Ng4 14. a4 Qd8 15.
b3 Nb6 16. Nh4 Bf6 17. Qe4 Bc8 18. Qc2 Bg7 19. h3 Nf6 20. f4 Bb7 21. e4 Ba6 22.
Rfe1 Ra7 23. Kh2 Ne8 24. e5 dxe5 25. fxe5 Nc7 26. e6 fxe6 27. Bf4 exd5 28. a5
Nd7 29. Nxd5 e5 30. Bd2 Nb5 31. b4 Nd4 32. Qa2 Kh8 33. bxc5 Rxb1 34. Qxb1 Rb7
35. Nb6 Nxc5 36. Bc3 Rb8 37. Rd1 Ncb3 38. Be4 Qd6 39. Qb2 Nc5 40. Bb4 Qc7 41.
Rc1 Na4 42. Nxa4 Rxb4 43. Rxc7 1-0

[Event "División Honor 2018 "]
[Site ""]
[Date "2018.04.07"]
[Round "10.2.4"]
[White "Munoz Munoz, Juan Carlos"]
[Black "Baquedano Coarasa, Pablo"]
[Result "1-0"]
[WhiteElo "1966"]
[BlackElo "2156"]
[PlyCount "0"]
[WhiteTeam "Helios"]
[BlackTeam "Palacio de Pioneros"]
[EventDate "2018.01.27"]

1. c4 e5 2. Nc3 Nc6 3. g3 f5 4. Bg2 Nf6 5. d3 d6 6. e3 g6 7. Nge2 Bg7 8. O-O
O-O 9. Nd5 Be6 10. Rb1 Qd7 11. b4 Nd8 12. b5 c6 13. bxc6 bxc6 14. Nxf6+ Bxf6
15. Ba3 g5 16. f4 Re8 17. Bb2 Nf7 18. Qa4 d5 19. fxe5 Bxe5 20. Nd4 c5 21. Qxd7
Bxd7 22. Nxf5 Rab8 23. Bxd5 Rxb2 24. Nh6+ Kg7 25. Nxf7 Bf6 26. Rxb2 Bxb2 27.
Nxg5 Rxe3 28. Rf7+ Kg6 29. Be4+ Kxg5 30. Rxd7 Bd4 31. Kf1 h5 32. Rxa7 Kg4 33.
Rh7 Bc3 34. a4 Re1+ 35. Kf2 Ra1 36. Bf3+ Kg5 37. Rxh5+ Kg6 38. Rd5 Bd4+ 39. Kg2
Rxa4 40. Be4+ Kh6 41. Kf3 Bg1 42. h4 Ra7 43. g4 Rf7+ 44. Bf5 Rf8 45. Rd7 Rh8
46. Kg3 Be3 47. Kf3 Bg1 48. Ke4 Bf2 49. Kd5 Bd4 50. Be4 Be3 51. Bf3 Kg6 52. h5+
Kf6 53. Be4 Rg8 54. Bg6 Kg5 55. Bf5 Kf6 56. Rd6+ Ke7 57. Re6+ 1-0

[Event "División Honor 2018 "]
[Site ""]
[Date "2018.04.07"]
[Round "10.4.1"]
[White "Salamero Pelay, Fernando"]
[Black "Garcia Fernandez, Javier"]
[Result "1/2-1/2"]
[WhiteElo "2155"]
[BlackElo "2148"]
[PlyCount "0"]
[WhiteTeam "Atletismo Huesca"]
[BlackTeam "Teruel"]
[EventDate "2018.01.27"]

1. e4 e6 2. d4 d5 3. Nd2 Nf6 4. Bd3 c5 5. c3 Nc6 6. Ngf3 cxd4 7. cxd4 dxe4 8.
Nxe4 Bb4+ 9. Bd2 O-O 10. O-O Bxd2 11. Qxd2 Nd5 12. Rac1 Nce7 13. a3 b6 14. Ne5
f5 15. Ng5 h6 16. Ngf3 Qe8 17. Nc4 Qh5 18. Nfe5 Rd8 19. Rfe1 Qh4 20. Nf3 Qf6
21. Nce5 Bb7 22. Bb5 Ng6 23. Bc6 Nxe5 24. Rxe5 Rab8 25. Bxb7 Rxb7 26. Rc6 Re7
27. h4 Qg6 28. Nh2 Qf6 29. Nf3 Qg6 30. Nh2 Qe8 31. Qc1 Nf4 32. Qc4 Qh5 33. g3
Qd1+ 34. Qf1 Qxf1+ 35. Kxf1 Nd3 36. Rexe6 Rxe6 37. Rxe6 Rxd4 38. Nf3 Rc4 39.
Rd6 Nxb2 40. Rd8+ Kh7 41. h5 Re4 42. Nh4 Rg4 43. Ng6 Rxg6 44. hxg6+ Kxg6 45.
Rd7 Nc4 46. Rxa7 b5 47. f4 Kh5 48. Kf2 g5 49. Kf3 Nd2+ 50. Ke2 Nc4 51. Ra6 Kg4
52. Rxh6 gxf4 53. gxf4 Nxa3 54. Kd3 Kxf4 55. Kc3 Kg5 56. Rh8 Nc4 57. Kb4 Nd6
58. Kc5 Ne4+ 59. Kxb5 f4 60. Rg8+ Kf5 61. Kc4 Nf6 1/2-1/2

[Event "División Honor 2018 "]
[Site ""]
[Date "2018.04.07"]
[Round "10.4.2"]
[White "Dominguez Bujeda, Jesus"]
[Black "Abril Avellanas, Eduardo"]
[Result "0-1"]
[WhiteElo "2097"]
[BlackElo "2142"]
[PlyCount "0"]
[WhiteTeam "Teruel"]
[BlackTeam "Atletismo Huesca"]
[EventDate "2018.01.27"]

1. d4 Nf6 2. c4 c5 3. d5 e5 4. Nc3 d6 5. e3 g6 6. Bd3 Bg7 7. Nge2 O-O 8. Ng3 a6
9. Qc2 Ne8 10. O-O f5 11. f3 Nd7 12. Bd2 Nc7 13. Rab1 Rb8 14. a4 b6 15. Nh1 Nf6
16. Nf2 Bd7 17. b4 cxb4 18. Rxb4 a5 19. Rbb1 Na6 20. Nb5 Bxb5 21. Rxb5 Nd7 22.
Be2 Rc8 23. Qa2 Bh6 24. Qa3 Nac5 25. Rfb1 Rf7 26. g3 Qc7 27. Kg2 Re8 28. Bf1
Bg5 29. R5b2 Bd8 30. g4 Bh4 31. gxf5 gxf5 32. Nh1 f4 33. exf4 exf4 34. Bc3 Qd8
35. Kh3 Re3 36. Rg2+ Kf8 37. Be2 Bf6 38. Rbg1 Rxc3 39. Qxc3 Bxc3 40. Rg8+ Ke7
41. Rxd8 Kxd8 42. Nf2 Bd4 43. Rg8+ Rf8 44. Rxf8+ Nxf8 45. Ng4 Nxa4 46. Nh6 Bc5
47. Bd3 Nc3 48. Nf7+ Ke7 49. Ng5 a4 0-1

[Event "División Honor 2018 "]
[Site ""]
[Date "2018.04.07"]
[Round "10.4.3"]
[White "Luis Vitalla, Fernando"]
[Black "Martin Catalan, Juan Vicente"]
[Result "1/2-1/2"]
[WhiteElo "2116"]
[BlackElo "2055"]
[PlyCount "0"]
[WhiteTeam "Atletismo Huesca"]
[BlackTeam "Teruel"]
[EventDate "2018.01.27"]

1. d4 Nf6 2. c4 e5 3. dxe5 Ng4 4. Bf4 Nc6 5. Nf3 Bb4+ 6. Nbd2 Qe7 7. a3 Ngxe5
8. Nxe5 Nxe5 9. e3 Bxd2+ 10. Qxd2 d6 11. Be2 O-O 12. O-O Re8 13. Rac1 a5 14. c5
dxc5 15. Qd5 c4 16. Rfd1 Ng6 17. Bg3 c6 18. Qxc4 Be6 19. Qc5 Qxc5 20. Rxc5 Red8
21. Bc7 Rxd1+ 22. Bxd1 a4 23. Ra5 Rxa5 24. Bxa5 b5 25. Be2 Ne5 26. f4 Nc4 27.
Bxc4 Bxc4 1/2-1/2

[Event "División Honor 2018 "]
[Site ""]
[Date "2018.04.07"]
[Round "10.4.4"]
[White "Arpa Pardos, Emilio"]
[Black "Gella Lopez, Angel"]
[Result "0-1"]
[WhiteElo "1932"]
[BlackElo "2110"]
[PlyCount "0"]
[WhiteTeam "Teruel"]
[BlackTeam "Atletismo Huesca"]
[EventDate "2018.01.27"]

1. Nf3 c5 2. c4 Nf6 3. Nc3 e6 4. g3 d5 5. cxd5 exd5 6. d4 Nc6 7. Bg2 Be7 8. O-O
O-O 9. h3 Bf5 10. Be3 c4 11. Ne5 h6 12. f3 Qb6 13. Qd2 Rad8 14. Bf2 Bb4 15.
Rae1 Qa5 16. a3 Bxc3 17. Qxc3 Qa4 18. e4 Bh7 19. exd5 Nxe5 20. dxe5 Nxd5 21.
Qd4 Bd3 22. Qg4 Bxf1 23. Bxf1 Nb6 24. Bxb6 axb6 25. Bxc4 b5 26. e6 Rd1 27.
exf7+ Kh8 28. Rxd1 Qxd1+ 29. Bf1 Rxf7 30. f4 Qxg4 31. hxg4 b4 32. axb4 Rd7 33.
b3 Rd4 34. Bg2 b6 35. b5 Rd3 36. Kf2 Rxb3 37. Bc6 Rc3 38. Kg2 Kg8 39. Kh3 Kf8
40. Bb7 Ke7 41. Bc6 Rc2 42. g5 hxg5 43. fxg5 Rb2 44. Kg4 Rb3 45. Kf4 g6 46. Ke5
Rxg3 47. Kd5 0-1

[Event "División Honor 2018 "]
[Site ""]
[Date "2018.04.07"]
[Round "10.5.1"]
[White "Gavin Roche, Enrique"]
[Black "Hinojar Basa, Alfonso"]
[Result "1/2-1/2"]
[WhiteElo "2231"]
[BlackElo "2199"]
[PlyCount "0"]
[WhiteTeam "ONCE C.A. Aragon"]
[BlackTeam "Marcos Frechin"]
[EventDate "2018.01.27"]

1. d4 e6 2. c4 Nf6 3. Nc3 Bb4 4. Bd2 O-O 5. a3 Bxc3 6. Bxc3 Ne4 7. Rc1 b6 8.
Nf3 Bb7 9. e3 d6 10. Bd3 Nd7 11. b3 Nxc3 12. Rxc3 f5 13. O-O e5 14. Be2 Qe7 15.
Qc1 c5 16. dxe5 dxe5 17. Rd1 Rad8 18. Rc2 e4 19. Ne1 Ne5 20. Rcd2 Nf7 1/2-1/2

[Event "División Honor 2018 "]
[Site ""]
[Date "2018.04.07"]
[Round "10.5.2"]
[White "Portero Garnica, Miguel Angel"]
[Black "Laliena Solanes, Luis"]
[Result "0-1"]
[WhiteElo "2116"]
[BlackElo "2140"]
[PlyCount "0"]
[WhiteTeam "Marcos Frechin"]
[BlackTeam "ONCE C.A. Aragon"]
[EventDate "2018.01.27"]

1. e4 c5 2. Nf3 Nc6 3. d4 cxd4 4. Nxd4 Qc7 5. Be2 e6 6. O-O Nf6 7. Nc3 a6 8.
Nxc6 bxc6 9. Re1 Bb4 10. Bd3 h5 11. h3 d6 12. Bd2 Bc5 13. Na4 Ba7 14. b4 e5 15.
Bc3 Qe7 16. Nb2 Ng4 17. Re2 Qh4 18. Be1 Qg3 19. hxg4 hxg4 20. Re3 Bxe3 21. fxe3
Qh2+ 22. Kf1 g3 23. Qf3 Qh1+ 24. Ke2 Rh2 25. Bxg3 Rxg2+ 26. Bf2 Qh2 27. Kf1 Bh3
28. Qxg2 Qxg2+ 29. Ke1 Qh1+ 0-1

[Event "División Honor 2018 "]
[Site ""]
[Date "2018.04.07"]
[Round "10.5.3"]
[White "Latorre Abad, Fernando"]
[Black "Sancho Cortes, Miguel Angel"]
[Result "1-0"]
[WhiteElo "2094"]
[BlackElo "2048"]
[PlyCount "0"]
[WhiteTeam "ONCE C.A. Aragon"]
[BlackTeam "Marcos Frechin"]
[EventDate "2018.01.27"]

1. e4 c5 2. Nf3 Nf6 3. Nc3 e6 4. d4 cxd4 5. Nxd4 Nc6 6. Ndb5 Bb4 7. Bf4 e5 8.
Bg5 O-O 9. a3 Be7 10. Bxf6 Bxf6 11. Be2 a6 12. Nd6 Nd4 13. O-O b5 14. Nd5 Be7
15. Nxc8 Rxc8 16. c3 Ne6 17. a4 Rb8 18. axb5 axb5 19. b4 Nc7 20. Ra7 Ne6 21.
Rxd7 Qxd7 22. Nf6+ Bxf6 23. Qxd7 Rfd8 24. Qa7 Nf4 25. Bd1 Rbc8 26. g3 Nd3 27.
Bb3 Rxc3 28. Qxf7+ Kh8 29. Rd1 Rc1 30. Rxc1 Nxc1 31. Be6 Ne2+ 32. Kg2 Nd4 33.
Bd7 Ra8 34. Be8 h6 35. Qf8+ Kh7 36. Bg6+ Kxg6 37. Qxa8 Be7 38. Qd5 Bxb4 39.
Qxe5 Bc3 40. Qd6+ Kh7 41. e5 b4 42. e6 b3 43. e7 b2 44. Qb6 1-0

[Event "División Honor 2018 "]
[Site ""]
[Date "2018.04.07"]
[Round "10.5.4"]
[White "Ciriano Lamban, Alejandro"]
[Black "Cobo Garrido, Diego Israel"]
[Result "0-1"]
[WhiteElo "2073"]
[BlackElo "2083"]
[PlyCount "0"]
[WhiteTeam "Marcos Frechin"]
[BlackTeam "ONCE C.A. Aragon"]
[EventDate "2018.01.27"]

1. d4 Nf6 2. c4 e6 3. Nc3 Bb4 4. e3 b6 5. Nge2 Ba6 6. a3 Bxc3+ 7. Nxc3 d5 8.
Be2 Bxc4 9. Bxc4 dxc4 10. e4 Nc6 11. Be3 O-O 12. e5 Nd5 13. Qg4 Nxe3 14. fxe3
f5 15. Qe2 Qh4+ 16. g3 Qg5 17. O-O a6 18. Rfe1 b5 19. Qg2 Na5 20. Rad1 c6 21.
Kh1 Rad8 22. Qf3 Qe7 23. Na2 Qb7 24. Nb4 Rf7 25. Rg1 Rfd7 26. Rdf1 c5 27. dxc5
Qxf3+ 28. Rxf3 Rc7 29. Nxa6 Rc6 30. Nb4 Rxc5 31. Nc2 Nb3 32. Nb4 Rd2 33. g4
fxg4 34. Rxg4 Rxe5 35. Nc6 h5 36. Rg6 Rf5 37. Ne7+ Kh7 38. Rxf5 exf5 39. Rg5 g6
40. Rxg6 Rxb2 41. Rc6 Nd2 42. Nxf5 Nf3 43. Rh6+ Kg8 44. Rxh5 c3 0-1

[Event "División Honor 2018 "]
[Site ""]
[Date "2018.04.07"]
[Round "10.6.1"]
[White "Arjol Lopez, Daniel"]
[Black "Fernandez Rubio, Rafael"]
[Result "0-1"]
[WhiteElo "2042"]
[BlackElo "2056"]
[PlyCount "0"]
[WhiteTeam "St. Casablanca B"]
[BlackTeam "Tauste"]
[EventDate "2018.01.27"]

1. c4 e5 2. g3 f5 3. Bg2 Nf6 4. d3 Be7 5. Nc3 O-O 6. Nf3 d6 7. O-O c6 8. b4 Qe8
9. e3 h6 10. Ne1 Nbd7 11. f4 Kh8 12. b5 c5 13. a4 Rb8 14. Bb2 exf4 15. exf4 b6
16. Nc2 Bb7 17. Bxb7 Rxb7 18. Qf3 Rb8 19. Ne3 Qg6 20. Rae1 Rfe8 21. Ncd5 Nxd5
22. Qxd5 Rf8 23. Ng2 Bf6 24. Re6 Qh5 25. Ba1 Bxa1 26. Rxa1 Nf6 27. Qc6 Rbe8 28.
Rxd6 Re2 29. Rf1 Qh3 30. Rxf6 Rxf6 31. Qf3 Rfe6 32. Rf2 Rxf2 33. Qxf2 Qh5 34.
Ne3 Qe8 35. Ng2 Qd7 36. Ne1 Qe7 37. Nf3 Re2 38. Ne5 Rxf2 39. Ng6+ Kh7 40. Nxe7
Ra2 41. Nxf5 Rxa4 42. Kf2 Ra2+ 43. Ke3 Rxh2 44. Ne7 Ra2 45. f5 h5 46. Kf4 Rd2
47. Ke3 Rd1 48. Nc6 Ra1 49. Ne5 Kg8 50. Kf4 Kf8 51. Kg5 Re1 52. Nc6 Re3 53.
Nxa7 Rxg3+ 54. Kxh5 Kf7 55. Nc8 Kf6 56. Kh4 Rxd3 57. Kg4 Rd4+ 58. Kf3 Rxc4 59.
Nxb6 Rc3+ 60. Kf4 Rd3 61. Nc8 Rd4+ 62. Ke3 Rd8 63. Nb6 Kxf5 64. Na4 c4 65. Nc5
c3 66. b6 c2 67. Nb3 Rb8 68. Nd4+ Kg4 69. Nxc2 Rxb6 70. Nd4 Rf6 71. Ne2 g5 72.
Ng1 Kg3 0-1

[Event "División Honor 2018 "]
[Site ""]
[Date "2018.04.07"]
[Round "10.6.2"]
[White "Sancho Casale, Jesus"]
[Black "Roque Sola, Gisela"]
[Result "1/2-1/2"]
[WhiteElo "2005"]
[BlackElo "1978"]
[PlyCount "0"]
[WhiteTeam "Tauste"]
[BlackTeam "St. Casablanca B"]
[EventDate "2018.01.27"]

1. c4 e6 2. Nf3 d5 3. b3 Nf6 4. g3 Be7 5. Bb2 O-O 6. Bg2 Nbd7 7. O-O c5 8. e3
Qb6 9. Qc2 Rd8 10. Nc3 Nf8 11. Rac1 Bd7 12. Ne5 Be8 13. Rfd1 Rac8 14. cxd5 exd5
15. Ne2 Ng6 16. Nxg6 hxg6 17. d4 c4 18. Nf4 Qd6 19. bxc4 Rxc4 20. Qd2 Bb5 21.
Bc3 Rdc8 22. Nd3 Qc7 23. Bb2 Rc2 24. Rxc2 Qxc2 25. Nc5 Qxd2 26. Rxd2 b6 27. Nb3
Bb4 28. Rd1 Rc2 29. Rb1 Ng4 30. Na1 Rd2 31. Nb3 Rxf2 32. Bh3 Rxb2 33. Rxb2 Nxe3
34. Nd2 a5 35. a3 Nd1 36. Rb1 Bxd2 37. Rxd1 Be3+ 38. Kg2 Bc4 39. Kf3 Bg5 40.
Bf1 Bb3 41. Rb1 a4 42. Be2 Be7 43. Bd1 Bxd1+ 44. Rxd1 Bxa3 45. Rb1 Kf8 46. Rxb6
Ke7 47. Ra6 Bd6 48. Rxa4 Ke6 49. Ra7 Be7 50. Ra6+ Bd6 51. Rb6 Ke7 52. h3 Ke6
53. g4 g5 54. Rb5 Bc7 55. Rb7 Bd6 56. Ke2 g6 57. Kd3 f5 58. Rg7 Kf6 59. Rd7 Ke6
60. Rg7 Kf6 61. Rd7 Ke6 1/2-1/2

[Event "División Honor 2018 "]
[Site ""]
[Date "2018.04.07"]
[Round "10.6.3"]
[White "Sanjulian Arruga, Pablo"]
[Black "San Lazaro Lorente, David"]
[Result "1/2-1/2"]
[WhiteElo "1788"]
[BlackElo "1846"]
[PlyCount "0"]
[WhiteTeam "St. Casablanca B"]
[BlackTeam "Tauste"]
[EventDate "2018.01.27"]

1. c4 Nf6 2. Nf3 e6 3. g3 Be7 4. Bg2 O-O 5. O-O d5 6. b3 b6 7. Bb2 Bb7 8. e3
Nbd7 9. Nc3 Nc5 10. d4 Nce4 11. Nd2 Nxc3 12. Bxc3 c6 13. Bb2 Rc8 14. Rc1 Bb4
15. a3 Bd6 16. b4 1/2-1/2